| 000 | 00430nam a2200169Ia 4500 | ||
|---|---|---|---|
| 003 | GCL | ||
| 008 | 140319s9999 xx 000 0 ara d | ||
| 040 |
_aGCL / _cGCL |
||
| 082 | 0 | 4 |
_a328.31 _bم هـ |
| 100 | 1 | _aعلى ادهم | |
| 245 | 1 | 0 |
_aالمذاهب السياسية المعاصرة / _cعلى ادهم |
| 300 | _a156 ص | ||
| 490 |
_aاقرأ _v0 |
||
| 650 | 0 | 4 | _aمصر |
| 650 | 0 | 4 | _aالسياسة |
| 942 |
_2ddc _cBK |
||
| 999 |
_c42280 _d42280 |
||